Communes limitrophes de Saint-Etienne - Statistiques

Statistiques générales
  • Ce quiz a été pris 277 fois
  • Le résultat moyen est 6 sur 14
Statistiques - réponses
Communes % Correct
Saint-Chamond
67%
Saint-Priest-en-Jarez
66%
Villars
64%
La Talaudière
63%
La Ricamarie
62%
Roche-la-Molière
52%
Saint-Genest-Lerpt
45%
Saint-Jean-Bonnefonds
44%
Planfoy
35%
La Tour-en-Jarez
28%
Le Bessat
20%
Saint-Genest-Malifaux
19%
Tarentaise
13%
La Valla-en-Gier
8%
Aucun quiz correspondant
Distribution des résultats
% des personnes avec chaque résultat
Percentile par nombre de réponses
Votre historique - résultats
Vous n’avez pas pris ce quiz